000 00428nam a2200169Ia 4500
008 230711s9999||||xx |||||||||||||| ||und||
020 _a978-81-224-2104-0
041 _aENG
082 _a621
_bLA-I
100 _aLal,G.K
245 0 _aIntroduction to machining science
250 _a3rd Ed.
260 _c2015
_aNew Delhi
_bNew Age International Publishers
300 _a209
650 _aMechanical Engineering
942 _cBK
999 _c4904
_d4904